000 00610nam a2200217 a 4500
001 13894
003 BD-JhCC
005 20240512123537.0
008 240321b20072020b |||| ||a| 000 0 b d
020 _a9847012006467
035 _a(BD-JhCC)13894
040 _aBD-JhCC
_dBD-JhCC
041 _aben
082 _a891.443
_bMIL 2020
100 _a মিলন, ইমদাদুল হক
245 _aপর /
_b ইমদাদুল হক মিলন
260 _aঢাকা:
_bঅন্যপ্রকাশ;
_c2020
300 _a232 p. :
_c22 cm.
650 _aBengali Novel
942 _2ddc
_cBK
999 _c13894
_d13894